{"text_format":"3","workbook":"xlsx","n_sheets":6,"sheets":["AC-20C改性沥青混凝土","橡胶沥青混凝土","YJV-8.7 15-3x70电力电缆","防渗复合土工膜","重油","10高双挑路灯"],"read":"whole","date_system":"1900"}

{"sheet":"AC-20C改性沥青混凝土","index":0,"n_rows":38,"n_cols":8,"rows_kept":38,"merged":[[0,0,0,7],[1,0,1,7],[7,0,7,7],[9,4,9,7],[10,4,10,7],[11,4,11,7],[12,0,12,7],[13,0,13,7],[14,0,14,7],[20,0,20,7],[22,4,22,7],[23,4,23,7],[24,4,24,7],[25,0,25,7],[26,0,26,7],[27,0,27,7],[33,0,33,7],[35,4,35,7],[36,4,36,7],[37,4,37,7],[38,0,38,7]]}
["材料设备询价表"]
["项目名称："]
["序号","材料名称","规格型号","单位","数量","单价     （元/m³）","合价","备注"]
[1,"AC-20C改性沥青混凝土",null,"m³",7237,1173,{"$f":"E4*F4","v":8489001}]
[2]
[3]
[null,"合计",null,"元",null,null,{"$f":"SUM(G4:G6)","v":8489001}]
["说明：1、以上报价含税含运费；2、本报价有效期为十五天。"]
[]
[{"$nulls":4},"报价单位：厦门市政工程公司"]
[{"$nulls":4},"报价时间：2018.4.28"]
[{"$nulls":4},"联系电话：孙15160020852"]
[]
["材料设备询价表"]
["项目名称："]
["序号","材料名称","规格型号","单位","数量","单价     （元/m³）","合价","备注"]
[1,"AC-20C改性沥青混凝土",null,"m³",7237,1100,{"$f":"E17*F17","v":7960700}]
[2]
[3]
[null,"合计",null,"元",null,null,{"$f":"SUM(G17:G19)","v":7960700}]
["说明：1、以上报价含税含运费；2、本报价有效期为十五天。"]
[]
[{"$nulls":4},"报价单位：厦门环东海投资发展有限公司"]
[{"$nulls":4},"报价时间：2018年5月4日"]
[{"$nulls":4},"联系电话：15359248667魏工"]
[]
["材料设备询价表"]
["项目名称："]
["序号","材料名称","规格型号","单位","数量","单价     （元/m³）","合价","备注"]
[1,"AC-20C改性沥青混凝土",null,"m³",7237,1080,{"$f":"E30*F30","v":7815960},"除税价"]
[2]
[3]
[null,"合计",null,"元",null,null,{"$f":"SUM(G30:G32)","v":7815960}]
["说明：1、以上报价不含税不含运费；2、本报价有效期为十五天。"]
[]
[{"$nulls":4},"报价单位：中泰（福建）混凝土发展有限公司"]
[{"$nulls":4},"报价时间：2018年05月04日"]
[{"$nulls":4},"联系电话：13506941677"]

{"sheet":"橡胶沥青混凝土","index":1,"n_rows":38,"n_cols":8,"rows_kept":38,"merged":[[0,0,0,7],[1,0,1,7],[7,0,7,7],[9,4,9,7],[10,4,10,7],[11,4,11,7],[12,0,12,7],[13,0,13,7],[14,0,14,7],[20,0,20,7],[22,4,22,7],[23,4,23,7],[24,4,24,7],[25,0,25,7],[26,0,26,7],[27,0,27,7],[33,0,33,7],[35,4,35,7],[36,4,36,7],[37,4,37,7]]}
["材料设备询价表"]
["项目名称：厦门新机场土石方运输通道（沙美至小光山段）道路改造工程"]
["序号","材料名称","规格型号","单位","数量","单价     （元/m³）","合价","备注"]
[1,"橡胶沥青混凝土",null,"m³",1601,1200,{"$f":"E4*F4","v":1921200}]
[2]
[3]
[null,"合计",null,"元",null,null,{"$f":"SUM(G4:G6)","v":1921200}]
["说明：1、以上报价含税含运费；2、本报价有效期为十五天。"]
[]
[{"$nulls":4},"报价单位：厦门市政工程公司"]
[{"$nulls":4},"报价时间：2018.4.28"]
[{"$nulls":4},"联系电话：孙15160020852"]
[]
["材料设备询价表"]
["项目名称：厦门新机场土石方运输通道（沙美至小光山段）道路改造工程"]
["序号","材料名称","规格型号","单位","数量","单价     （元/m³）","合价","备注"]
[1,"橡胶沥青混凝土",null,"m³",1601,1400,{"$f":"E17*F17","v":2241400}]
[2]
[3]
[null,"合计",null,"元",null,null,{"$f":"SUM(G17:G19)","v":2241400}]
["说明：1、以上报价含税含运费；2、本报价有效期为十五天。"]
[]
[{"$nulls":4},"报价单位：厦门环东海投资发展有限公司"]
[{"$nulls":4},"报价时间：2018年5月4日"]
[{"$nulls":4},"联系电话：15359248667魏工"]
[]
["材料设备询价表"]
["项目名称：厦门新机场土石方运输通道（沙美至小光山段）道路改造工程"]
["序号","材料名称","规格型号","单位","数量","单价     （元/m³）","合价","备注"]
[1,"橡胶沥青混凝土","AC-25","m³",1601,1175,{"$f":"E30*F30","v":1881175},"除税价"]
[2,"橡胶沥青混凝土","AC-20","m³",1601,1225,1961225,"除税价"]
[3,"橡胶沥青混凝土","AC-16","m³",1601,1265,2025265,"除税价"]
[null,"合计",null,"元",null,null,{"$f":"SUM(G30:G32)","v":5867665}]
["说明：1、以上报价不含税不含运费；2、本报价有效期为十五天。"]
[]
[{"$nulls":4},"报价单位：中泰（福建）混凝土发展有限公司"]
[{"$nulls":4},"报价时间：2018年05月04日"]
[{"$nulls":4},"联系电话：13506941677"]

{"sheet":"YJV-8.7 15-3x70电力电缆","index":2,"n_rows":38,"n_cols":8,"rows_kept":38,"merged":[[0,0,0,7],[1,0,1,7],[7,0,7,7],[9,4,9,7],[10,4,10,7],[11,4,11,7],[12,0,12,7],[13,0,13,7],[14,0,14,7],[20,0,20,7],[22,4,22,7],[23,4,23,7],[24,4,24,7],[25,0,25,7],[26,0,26,7],[27,0,27,7],[33,0,33,7],[35,4,35,7],[36,4,36,7],[37,4,37,7],[38,0,38,7]]}
["材料设备询价表"]
["项目名称：厦门新机场土石方运输通道（沙美至小光山段）道路改造工程"]
["序号","材料名称","规格型号","单位","数量","单价（元/m）","合价","备注"]
[1,"YJV-8.7/15-3*70电力电缆",null,"m",6060,137,{"$f":"E4*F4","v":830220},"宝胜"]
[2]
[3]
[null,"合计",null,"元",null,null,{"$f":"SUM(G4:G6)","v":830220}]
["说明：1、以上报价不含税不含运费；2、本报价有效期为十五天。"]
[]
[{"$nulls":4},"报价单位：宝胜科技创新股份有限公司海南分公司"]
[{"$nulls":4},"报价时间：2018年05月04日"]
[{"$nulls":4},"联系电话：0898 6855-3375"]
[]
["材料设备询价表"]
["项目名称：厦门新机场土石方运输通道（沙美至小光山段）道路改造工程"]
["序号","材料名称","规格型号","单位","数量","单价（元/m）","合价","备注"]
[1,"YJV-8.7/15-3*70电力电缆",null,"m",6060,142,{"$f":"E17*F17","v":860520},"岭南"]
[2]
[3]
[null,"合计",null,"元",null,null,{"$f":"SUM(G17:G19)","v":860520}]
["说明：1、以上报价不含税不含运费；2、本报价有效期为十五天。"]
[]
[{"$nulls":4},"报价单位：广州岭南电缆股份有限公司"]
[{"$nulls":4},"报价时间：2018年05月04日"]
[{"$nulls":4},"联系电话：020 8476-0896"]
[]
["材料设备询价表"]
["项目名称：厦门新机场土石方运输通道（沙美至小光山段）道路改造工程"]
["序号","材料名称","规格型号","单位","数量","单价（元/m）","合价","备注"]
[1,"YJV-8.7/15-3*70电力电缆",null,"m",6060,144,{"$f":"E30*F30","v":872640},"远东"]
[2]
[3]
[null,"合计",null,"元",null,null,{"$f":"SUM(G30:G32)","v":872640}]
["说明：1、以上报价不含税不含运费；2、本报价有效期为十五天。"]
[]
[{"$nulls":4},"报价单位：远东电缆有限公司"]
[{"$nulls":4},"报价时间：2018年05月04日"]
[{"$nulls":4},"联系电话：0510 8724-2500"]

{"sheet":"防渗复合土工膜","index":3,"n_rows":52,"n_cols":8,"rows_kept":52,"merged":[[0,0,0,7],[1,0,1,7],[7,0,7,7],[9,4,9,7],[10,4,10,7],[11,4,11,7],[12,0,12,7],[13,0,13,7],[14,0,14,7],[20,0,20,7],[22,4,22,7],[23,4,23,7],[24,4,24,7],[25,0,25,7],[26,0,26,7],[27,0,27,7],[33,0,33,7],[35,4,35,7],[36,4,36,7],[37,4,37,7],[38,0,38,7],[39,0,39,7],[40,0,40,7],[47,0,47,7],[49,4,49,7],[50,4,50,7],[51,4,51,7]]}
["材料设备询价表"]
["项目名称：厦门新机场土石方运输通道（沙美至小光山段）道路改造工程"]
["序号","材料名称","规格型号","单位","数量","单价     （元/㎡）","合价","备注"]
[1,"防渗复合土工膜","国标300g/㎡","㎡",27851,3.9,{"$f":"E4*F4","v":{"v":108618.9,"d":"108619"}}]
[2,"防渗复合土工膜","国标500g/㎡","㎡",27851,6.5,{"v":181031.5,"d":"181032"}]
[3,"防渗复合土工膜","国标800g/㎡","㎡",27851,10.4,{"v":289650.4,"d":"289650"}]
[null,"合计",null,"元"]
["说明：1、以上报价含税不含运费；2、本报价有效期为十五天。"]
[]
[{"$nulls":4},"报价单位：长沙建益新材料有限公司"]
[{"$nulls":4},"报价时间：2018年05月04日"]
[{"$nulls":4},"联系电话：13974857146"]
[]
["材料设备询价表"]
["项目名称：厦门新机场土石方运输通道（沙美至小光山段）道路改造工程"]
["序号","材料名称","规格型号","单位","数量","单价     （元/㎡）","合价","备注"]
[1,"防渗复合土工膜","国标400g/㎡","㎡",27851,5.28,{"$f":"E17*F17","v":{"v":147053.28,"d":"147053"}}]
[2,"防渗复合土工膜","国标500g/㎡","㎡",27851,6.6,{"v":183816.6,"d":"183817"}]
[3,"防渗复合土工膜","国标600g/㎡","㎡",27851,7.92,{"v":220579.92,"d":"220580"}]
[null,"合计",null,"元"]
["说明：1、以上报价含税不含运费；2、本报价有效期为十五天。"]
[]
[{"$nulls":4},"报价单位：甘肃开元土工材料有限公司"]
[{"$nulls":4},"报价时间：2018年05月04日"]
[{"$nulls":4},"联系电话：13909316768"]
[]
["材料设备询价表"]
["项目名称：厦门新机场土石方运输通道（沙美至小光山段）道路改造工程"]
["序号","材料名称","规格型号","单位","数量","单价     （元/㎡）","合价","备注"]
[1,"防渗复合土工膜","国标300g/㎡","㎡",27851,2.5,{"$f":"E30*F30","v":{"v":69627.5,"d":"69628"}}]
[2,"防渗复合土工膜","国标500g/㎡","㎡",27851,4,111404]
[3,"防渗复合土工膜","国标800g/㎡","㎡",27851,6.2,{"v":172676.2,"d":"172676"}]
[null,"合计",null,"元"]
["说明：1、以上报价不含税不含运费；2、本报价有效期为十五天。"]
[]
[{"$nulls":4},"报价单位：泰安领航土工合成材料有限公司"]
[{"$nulls":4},"报价时间：2018年05月04日"]
[{"$nulls":4},"联系电话：13153883191"]
[]
["材料设备询价表"]
["项目名称：厦门新机场土石方运输通道（沙美至小光山段）道路改造工程"]
["序号","材料名称","规格型号","单位","数量","单价     （元/㎡）","合价","备注"]
[1,"防渗复合土工膜","国标350g/㎡","㎡",27851,3.23,{"$f":"E43*F43","v":{"v":89958.73,"d":"89959"}}]
[2,"防渗复合土工膜","国标250g/㎡","㎡",27851,2.15,{"v":59879.65,"d":"59880"}]
[3,"防渗复合土工膜","国标300g/㎡","㎡",27851,2.77,{"v":77147.27,"d":"77147"}]
[3,"防渗复合土工膜","国标800g/㎡","㎡",27851,7.38,{"v":205540.38,"d":"205540"}]
[null,"合计",null,"元"]
["说明：1、以上报价不含税不含运费；2、本报价有效期为十五天。"]
[]
[{"$nulls":4},"报价单位： 德州扬东土工布有限公司"]
[{"$nulls":4},"报价时间：2018年05月04日"]
[{"$nulls":4},"联系电话：15964188883"]

{"sheet":"重油","index":4,"n_rows":73,"n_cols":8,"rows_kept":73,"merged":[[0,0,0,7],[1,0,1,7],[7,0,7,7],[9,4,9,7],[10,4,10,7],[11,4,11,7],[12,0,12,7],[13,0,13,7],[14,0,14,7],[20,0,20,7],[22,4,22,7],[23,4,23,7],[24,4,24,7],[25,0,25,7],[26,0,26,7],[27,0,27,7],[33,0,33,7],[35,4,35,7],[36,4,36,7],[37,4,37,7],[38,0,38,7],[39,0,39,7],[40,0,40,7],[46,0,46,7],[48,4,48,7],[49,4,49,7],[50,4,50,7],[51,0,51,7],[52,0,52,7],[53,0,53,7],[59,0,59,7],[61,4,61,7],[62,4,62,7],[63,4,63,7],[64,0,64,7],[65,0,65,7],[66,0,66,7],[72,0,72,7]]}
["材料设备询价表"]
["项目名称：厦门新机场土石方运输通道（沙美至小光山段）道路改造工程"]
["序号","材料名称","规格型号","单位","数量","单价     （元/kg）","合价","备注"]
[1,"重油",null,"kg",63817,1.95,{"$f":"E4*F4","v":{"v":124443.15,"d":"124443"}},"沥青拌合站重油"]
[2]
[3]
[null,"合计",null,"元",null,null,{"$f":"SUM(G4:G6)","v":{"v":124443.15,"d":"124443"}}]
["说明：1、以上报价不含税不含运费；2、本报价有效期为十五天。"]
[]
[{"$nulls":4},"报价单位：淄博华浩石化销售有限公司"]
[{"$nulls":4},"报价时间：2018年05月04日"]
[{"$nulls":4},"联系电话：18653334527"]
[]
["材料设备询价表"]
["项目名称：厦门新机场土石方运输通道（沙美至小光山段）道路改造工程"]
["序号","材料名称","规格型号","单位","数量","单价     （元/kg）","合价","备注"]
[1,"重油",null,"kg",63817,2.3,{"$f":"E17*F17","v":{"v":146779.1,"d":"146779"}},"沥青拌合站重油"]
[2]
[3]
[null,"合计",null,"元",null,null,{"$f":"SUM(G17:G19)","v":{"v":146779.1,"d":"146779"}}]
["说明：1、以上报价不含税不含运费；2、本报价有效期为十五天。"]
[]
[{"$nulls":4},"报价单位：鄂州市晨云化工股份有限公司"]
[{"$nulls":4},"报价时间：2018年05月04日"]
[{"$nulls":4},"联系电话：13908684359"]
[]
["材料设备询价表"]
["项目名称：厦门新机场土石方运输通道（沙美至小光山段）道路改造工程"]
["序号","材料名称","规格型号","单位","数量","单价     （元/kg）","合价","备注"]
[1,"重油",null,"kg",63817,2.65,{"$f":"E30*F30","v":{"v":169115.05,"d":"169115"}},"沥青拌合站重油"]
[2]
[3]
[null,"合计",null,"元",null,null,{"$f":"SUM(G30:G32)","v":{"v":169115.05,"d":"169115"}}]
["说明：1、以上报价不含税不含运费；2、本报价有效期为十五天。"]
[]
[{"$nulls":4},"报价单位：淄博大恒石化销售有限公司"]
[{"$nulls":4},"报价时间：2018年05月04日"]
[{"$nulls":4},"联系电话：18653383309"]
[]
["材料设备询价表"]
["项目名称：厦门新机场土石方运输通道（沙美至小光山段）道路改造工程"]
["序号","材料名称","规格型号","单位","数量","单价     （元/kg）","合价","备注"]
[1,"重油",null,"kg",63817,4.98,{"$f":"E43*F43","v":{"v":317808.66,"d":"317809"}}]
[2]
[3]
[null,"合计",null,"元",null,null,{"$f":"SUM(G43:G45)","v":{"v":317808.66,"d":"317809"}}]
["说明：1、以上报价不含税不含运费；2、本报价有效期为十五天。"]
[]
[{"$nulls":4},"报价单位：福州裕隆达石化贸易有限公司"]
[{"$nulls":4},"报价时间：2018年05月04日"]
[{"$nulls":4},"联系电话：13950487762"]
[]
["材料设备询价表"]
["项目名称：厦门新机场土石方运输通道（沙美至小光山段）道路改造工程"]
["序号","材料名称","规格型号","单位","数量","单价     （元/kg）","合价","备注"]
[1,"重油","180#","kg",63817,2.6,{"$f":"E56*F56","v":{"v":165924.2,"d":"165924"}}]
[2,"重油","250#","kg",63817,3,{"$f":"E57*F57","v":191451}]
[3]
[null,"合计",null,"元"]
["说明：1、以上报价不含税不含运费；2、本报价有效期为十五天。"]
[]
[{"$nulls":4},"报价单位：辽宁沈阳华泰资源贸易有限公司"]
[{"$nulls":4},"报价时间：2018年05月04日"]
[{"$nulls":4},"联系电话：13055432155"]
[]
["材料设备询价表"]
["项目名称：厦门新机场土石方运输通道（沙美至小光山段）道路改造工程"]
["序号","材料名称","规格型号","单位","数量","单价     （元/kg）","合价","备注"]
[1,"重油",null,"kg",63817,4.58,{"$f":"E69*F69","v":{"v":292281.86,"d":"292282"}},"福建省信息价"]
[2,"重油",null,"kg",63817,4.51,{"v":287814.67,"d":"287815"},"福建省信息价"]
[3,"重油",null,"kg",63817,2.601,{"v":165988.017,"d":"165988"},"内蒙古信息价"]
[null,"合计",null,"元"]
["说明：1、以上报价不含税不含运费；2、本报价有效期为十五天。"]

{"sheet":"10高双挑路灯","index":5,"n_rows":40,"n_cols":8,"rows_kept":40,"merged":[[0,0,0,7],[1,0,1,7],[7,0,7,7],[9,4,9,7],[10,4,10,7],[11,4,11,7],[13,0,13,7],[14,0,14,7],[15,0,15,7],[21,0,21,7],[23,4,23,7],[24,4,24,7],[25,4,25,7],[27,0,27,7],[28,0,28,7],[29,0,29,7],[35,0,35,7],[37,4,37,7],[38,4,38,7],[39,4,39,7],[40,0,40,7]]}
["材料设备询价表"]
["项目名称：厦门新机场土石方运输通道（沙美至小光山段）道路改造工程"]
["序号","材料名称","规格型号","单位","数量","单价     （元/套）","合价","备注"]
[1,"10高双挑路灯",null,"套",109,3138,{"$f":"E4*F4","v":342042},"佛山照明"]
[2]
[3]
[null,"合计",null,"元",null,null,{"$f":"SUM(G4:G6)","v":342042}]
["说明：1、以上报价不含税不含运费；2、本报价有效期为十五天。"]
[]
[{"$nulls":4},"报价单位：佛山电器照明股份有限公司"]
[{"$nulls":4},"报价时间：2018年05月04日"]
[{"$nulls":4},"联系电话：0757 8280-7006"]
[]
[]
["材料设备询价表"]
["项目名称：厦门新机场土石方运输通道（沙美至小光山段）道路改造工程"]
["序号","材料名称","规格型号","单位","数量","单价     （元/套）","合价","备注"]
[1,"10高双挑路灯",null,"套",109,2740,{"$f":"E18*F18","v":298660},"浩宇"]
[2]
[3]
[null,"合计",null,"元",null,null,{"$f":"SUM(G18:G20)","v":298660}]
["说明：1、以上报价不含税不含运费；2、本报价有效期为十五天。"]
[]
[{"$nulls":4},"报价单位：宁波五洲灯具有限公司"]
[{"$nulls":4},"报价时间：2018年05月04日"]
[{"$nulls":4},"联系电话：0574 8864-3030"]
[]
[]
["材料设备询价表"]
["项目名称：厦门新机场土石方运输通道（沙美至小光山段）道路改造工程"]
["序号","材料名称","规格型号","单位","数量","单价     （元/套）","合价","备注"]
[1,"10高双挑路灯",null,"套",109,2250,{"$f":"E32*F32","v":245250},"通德"]
[2]
[3]
[null,"合计",null,"元",null,null,{"$f":"SUM(G32:G34)","v":245250}]
["说明：1、以上报价不含税不含运费；2、本报价有效期为十五天。"]
[]
[{"$nulls":4},"报价单位：广东通德照明有限公司"]
[{"$nulls":4},"报价时间：2018年05月04日"]
[{"$nulls":4},"联系电话：0760 2232-1328　"]